000 00760nam a2200253 a 4500
003 DO-SdBNP
005 20180215133952.0
008 150826s1998 sp a 000 0 spa d
020 _a8476601115
040 _aBPMSU
_bspa
_cBPMSU
100 1 _aFranco, Josep
245 1 0 _aQuatre históries d´animals /
_cJosep Franco ; ilustraciones Rocío Miralles
250 _a4a. ed.
260 _aAlzira, Valencia, España :
_bBromera,
_c1998.
300 _a77 p. :
_bil. ;
_c22 cm.
490 0 _aEl Micalet Galáctic
_v15
521 _aA partir de 8 años
700 1 _aMiralles, Rocío
_eil.
830 0 _aEl Micalet Galáctic
_n15
910 _a00144
942 _2ddc
_cBK
945 _aInventariado, 2018/MFF
956 _aYngrid Lockward
_b10
_2YLOCKWARD
_8BPMSU
999 _c9746
_d9746